Aseguramiento de la calidad para insumos y materias primas

में बचाया:
ग्रंथसूची विवरण
मुख्य लेखक: Lobo Aguilar, Gustavo Adolfo
अन्य लेखक: Roig Zamora, José
स्वरूप: पुस्तक
प्रकाशित: San José, C.R. 2001
विषय:
टैग: टैग जोड़ें
कोई टैग नहीं, इस रिकॉर्ड को टैग करने वाले पहले व्यक्ति बनें!

MARC

LEADER 00000nam a2200000Ia 4500
003 008696
005 20221231144203.0
008 140114s2001 cr a m 000 ||s d
040 |c cru CEDI 
090 |a TFG 4287 
100 |a Lobo Aguilar, Gustavo Adolfo   |9 7851 
245 |a Aseguramiento de la calidad para insumos y materias primas  
260 |c 2001  |a  San José, C.R. 
300 |a cuadros ; gráficos xiv, [290] hojas  
500 |a  Tesis (licenciatura en ingeniería industrial) -- Universidad de Costa Rica. Facultad de Ingeniería. Escuela de Ingeniería Industrial 
650 |x CALIDAD DEL SERVICIO   |x SATISFACCION DEL CLIENTE   |x INSPECCION DEL TRABAJO   |x CONTROL DE CALIDAD  |9 7854 
700 |9 7853  |a Roig Zamora, José 
942 |c TFG 
999 |c 18150  |d 18150